000 00787nam a22001937a 4500
008 100223s2007 gw|||||| ||| 000 0dng d
020 _a9783822809303
082 _222
_a720.952092
_bJOD
100 _911732
_aJodidio, Philip
245 _aAndo:
_bComplete Works/
_c Philip Jodidio
260 _aCologne:
_bTaschen, 2007
_c2007
300 _a500 p. :
_bchiefly ill. (chiefly col.);
_c30 cm.
500 _aText in English, French and German.
600 _911733
_à„Ando, Tadao
_d1941-
650 _911734
_aArchitects
_zJapan
650 _911735
_aArchitecture
_zJapan.
942 _2ddc
_cBB
999 _c13474
_d13474